01241nam a22003254a 4500001001200000003000800012006001900020007001500039008004100054010001700095020001500112040002100127035002000148050002600168082001900194100001900213245012500232246004300357260003200400300002400432504005100456533015200507650001900659650002900678650002100707655002900728710001700757856012600774999001500900ebr10005795CaPaEBRm u cr cn|||||||||000225s2000 nyua sb 001 0 eng  z 00025294  z0814405746 aCaPaEBRcCaPaEBR a(OCoLC)4495741314aHD4904.7b.F55 2000eb04a658.14/2262211 aFitz-enz, Jac.14aThe ROI of human capitalh[electronic resource] :bmeasuring the economic value of employee performance /cJac Fitz-enz.30aEconomic value of employee performance aNew York :bAMACOM,cc2000. axix, 298 p. :bill. aIncludes bibliographical references and index. aElectronic reproduction.bPalo Alto, Calif. :cebrary,d2013.nAvailable via World Wide Web.nAccess may be limited to ebrary affiliated libraries. 0aHuman capital. 0aProductivity accounting. 0aLabor economics. 7aElectronic books.2local2 aebrary, Inc.40uhttp://site.ebrary.com/lib/rucke/Doc?id=10005795zAn electronic book accessible through the World Wide Web; click to view c3696d3696